<?xml version="1.0" encoding="UTF-8"?><?xml-stylesheet type="text/xsl" href="static/style.xsl"?><OAI-PMH xmlns="http://www.openarchives.org/OAI/2.0/" xmlns:xsi="http://www.w3.org/2001/XMLSchema-instance" xsi:schemaLocation="http://www.openarchives.org/OAI/2.0/ http://www.openarchives.org/OAI/2.0/OAI-PMH.xsd"><responseDate>2026-06-04T06:40:15Z</responseDate><request verb="GetRecord" identifier="oai:recam.amb.cat:20.500.14439/2378" metadataPrefix="marc">https://recam.amb.cat/rest/oai/request</request><GetRecord><record><header><identifier>oai:recam.amb.cat:20.500.14439/2378</identifier><datestamp>2025-03-26T10:35:39Z</datestamp><setSpec>com_20.500.14439_126</setSpec><setSpec>col_20.500.14439_144</setSpec></header><metadata><record xmlns="http://www.loc.gov/MARC21/slim" xmlns:dcterms="http://purl.org/dc/terms/" xmlns:xsi="http://www.w3.org/2001/XMLSchema-instance" xmlns:doc="http://www.lyncode.com/xoai" xsi:schemaLocation="http://www.loc.gov/MARC21/slim http://www.loc.gov/standards/marcxml/schema/MARC21slim.xsd">
   <leader>00925njm 22002777a 4500</leader>
   <datafield ind2=" " ind1=" " tag="042">
      <subfield code="a">dc</subfield>
   </datafield>
   <datafield ind2=" " ind1=" " tag="720">
      <subfield code="a">Institut de Recerca i Tecnologia Agroalimentàries</subfield>
      <subfield code="e">author</subfield>
   </datafield>
   <datafield ind2=" " ind1=" " tag="260">
      <subfield code="c">2016-01-01</subfield>
   </datafield>
   <datafield ind2=" " ind1=" " tag="520">
      <subfield code="a">El principal objectiu d'aquest treball és donar a conèixer a la població la valoració del verd urbà metropolità per tal d'incrementar l'eficiència en l'ús dels recursos, mitjançant un llenguatge divulgatiu i imatges de suport que facilitin la comprensió de l'estudi del METROBS: valoració del verd urbà de l'àrea metropolitana de Barcelona per donar pautes de gestió agronòmica que possibilitin incrementar l'eficiència en l'ús de recursos i l'adaptació al canvi climàtic.&lt;br />&lt;br />Nou volum de la sèrie divulgativa dels treballs de METROBS que té l'objectiu de fer arribar el problema del canvi climàtic al públic general.</subfield>
   </datafield>
   <datafield ind1="8" ind2=" " tag="024">
      <subfield code="a">https://hdl.handle.net/20.500.14439/2378</subfield>
   </datafield>
   <datafield ind1="8" ind2=" " tag="024">
      <subfield code="a">6467023</subfield>
   </datafield>
   <datafield tag="653" ind2=" " ind1=" ">
      <subfield code="a">Canvis climàtics</subfield>
   </datafield>
   <datafield tag="653" ind2=" " ind1=" ">
      <subfield code="a">Parcs urbans</subfield>
   </datafield>
   <datafield tag="653" ind2=" " ind1=" ">
      <subfield code="a">Sostenibilitat</subfield>
   </datafield>
   <datafield tag="653" ind2=" " ind1=" ">
      <subfield code="a">Zones verdes</subfield>
   </datafield>
   <datafield ind2="0" ind1="0" tag="245">
      <subfield code="a">Valoració del verd urbà de l'àrea metropolitana de Barcelona per donar pautes de gestió agronòmica que possibilitin incrementar l'eficiència en l'ús de recursos i l'adaptació al canvi climàtic</subfield>
   </datafield>
</record></metadata></record></GetRecord></OAI-PMH>